000 00859nmm a2200253 a 4500
001 ocm000701079
003 TR-IsHL
005 20201028125447.0
008 110704s1969 tu tur
007 cr cn
035 _a701079
_b(N$T)
050 0 4 _aHC415.39
_bK88 1969
090 0 4 _aHC415.39
_bK88 1969
245 1 0 _aKuveyt'in ekonomik durumu ve Türkiye
_h[electronic resource]
250 _a1. bs.
260 _aİstanbul :
_bİstanbul Ticaret Odası,
_c1969
300 _a10 p.
650 4 _aEkonomi ve Finans
650 4 _aEconomics and Finance
650 0 _aKuveyt
_x Dış ekonomik ilişkiler
_x Türkiye
650 0 _aKuwait
_x Foreign economic relations
_x Turkey
650 7 _aBUSINESS & ECONOMICS / Economic Conditions
_2bisacsh
856 4 0 _uhttp://search.ebscohost.com/login.aspx?direct=true&scope=site&db=e011xww&AN=701079
999 _c3493
_d3493